<?xml version="1.0" encoding="UTF-8"?>
<record
    xmlns:xsi="http://www.w3.org/2001/XMLSchema-instance"
    xsi:schemaLocation="http://www.loc.gov/MARC21/slim http://www.loc.gov/standards/marcxml/schema/MARC21slim.xsd"
    xmlns="http://www.loc.gov/MARC21/slim">

  <leader>00919nam a2200241 i 4500</leader>
  <controlfield tag="001">185290</controlfield>
  <controlfield tag="003">SpMaBN</controlfield>
  <controlfield tag="005">20231218201342.0</controlfield>
  <controlfield tag="008">160509s2014    sp           |||| | spa d</controlfield>
  <datafield tag="080" ind1=" " ind2=" ">
    <subfield code="a">821.134.2-1"19"</subfield>
  </datafield>
  <datafield tag="100" ind1="1" ind2=" ">
    <subfield code="a">Escudero, Isabel,</subfield>
    <subfield code="d">1944-2017</subfield>
    <subfield code="9">47684</subfield>
  </datafield>
  <datafield tag="245" ind1="1" ind2="0">
    <subfield code="a">Alfileres </subfield>
    <subfield code="b">: coplas libertarias / </subfield>
    <subfield code="c">Isabel Escudero ; [selecci&#xF3;n, Nieves Muriel, Jorge P&#xE9;rez y Virginia L&#xF3;pez Gra&#xF1;a].</subfield>
  </datafield>
  <datafield tag="250" ind1=" " ind2=" ">
    <subfield code="a">coed. de: La Cotali.</subfield>
  </datafield>
  <datafield tag="260" ind1=" " ind2=" ">
    <subfield code="a">[Madrid] ; </subfield>
    <subfield code="a">Granada ; </subfield>
    <subfield code="a">Sevilla : </subfield>
    <subfield code="b">Cooperativa de trabajadores an&#xF3;nimos del libro, </subfield>
    <subfield code="c">2014.</subfield>
  </datafield>
  <datafield tag="300" ind1=" " ind2=" ">
    <subfield code="a">108 , III p. ; </subfield>
    <subfield code="c">16 cm.</subfield>
  </datafield>
  <datafield tag="490" ind1="1" ind2=" ">
    <subfield code="a">Cancionero ; </subfield>
    <subfield code="v">2</subfield>
  </datafield>
  <datafield tag="504" ind1=" " ind2=" ">
    <subfield code="a">Bibliograf&#xED;a: p. III.</subfield>
  </datafield>
  <datafield tag="830" ind1="0" ind2=" ">
    <subfield code="a">Cancionero ; </subfield>
    <subfield code="v">2</subfield>
    <subfield code="9">225185</subfield>
  </datafield>
  <datafield tag="852" ind1=" " ind2=" ">
    <subfield code="a">ES-MaACL</subfield>
    <subfield code="j">A-13741</subfield>
    <subfield code="9">192313</subfield>
    <subfield code="b">R.150358</subfield>
    <subfield code="c">DEPO1</subfield>
    <subfield code="d">Olim: N-6741</subfield>
    <subfield code="h">Donaci&#xF3;n: Isabel Escudero</subfield>
  </datafield>
  <datafield tag="903" ind1=" " ind2=" ">
    <subfield code="a">Escudero, Isabel,</subfield>
    <subfield code="d">1944-2017</subfield>
    <subfield code="e">dnr</subfield>
    <subfield code="9">47684</subfield>
  </datafield>
  <datafield tag="942" ind1=" " ind2=" ">
    <subfield code="2">udc</subfield>
    <subfield code="c">MONOGRAFIA</subfield>
  </datafield>
  <datafield tag="999" ind1=" " ind2=" ">
    <subfield code="c">185290</subfield>
    <subfield code="d">185290</subfield>
  </datafield>
  <datafield tag="952" ind1=" " ind2=" ">
    <subfield code="0">0</subfield>
    <subfield code="1">0</subfield>
    <subfield code="2">udc</subfield>
    <subfield code="4">0</subfield>
    <subfield code="7">0</subfield>
    <subfield code="a">ATENEOM</subfield>
    <subfield code="b">ATENEOM</subfield>
    <subfield code="c">DEPO1</subfield>
    <subfield code="d">2016-05-09</subfield>
    <subfield code="e">DONACION</subfield>
    <subfield code="l">0</subfield>
    <subfield code="o">A-13741</subfield>
    <subfield code="p">1195216</subfield>
    <subfield code="r">2023-02-23 00:00:00</subfield>
    <subfield code="w">2023-02-23</subfield>
    <subfield code="y">MONOGRAFIA</subfield>
  </datafield>
</record>
